Das Jahr 1895 - Statistiken

Allgemein
  • Dieses Quiz wurde 77 mal gespielt
  • Das Durchschnittsergebnis liegt bei 12 aus 18
Antwortstatistiken
Datum Ereignis % Korrekt
8. November An der Universität Würzburg entdeckt Wilhelm Conrad {Röntgen} eine später nach ihm benannte elektromagnetische Strahlung.
93%
23. Januar Der norwegische Polarforscher Carsten Borchgrevink betritt als erster Mensch das Festland der {Antarktis}
82%
10. Dezember Ein Sportlehrer aus Massachusetts erfindet die Ballsportart {Volleyball}, bei der sich zwei Mannschaften durch ein Netz getrennt gegenüberstehen.
82%
30. März Rudolf {Diesel} erhält ein Patent auf den nach ihm benannten Verbrennungsmotor mit Kompressionszündung ohne Zündkerze.
80%
3. September In Latrobe (Pennsylvania) wird das erste professionelle Spiel im {American} {Football} ausgetragen.
75%
28. September Der unter anderem als Erfinder eines Verfahrens zur Haltbarmachung flüssiger Lebensmittel bekannt gewordene französische Naturwissenschaftler Louis {Pasteur} stirbt.
73%
20. Juni Kaiser Wilhelm II. eröffnet den {Nord}-{Ostsee}-Kanal, der heute die meistbefahrene künstliche Seeschifffahrtsstraße der Welt ist.
71%
14. Dezember Der von 1936 bis 52 regierende britische König {George} VI. wird geboren.
70%
16. März Theodor Fontanes Roman "{Effi} {Briest}" über eine junge Ehefrau, die sich in der Provinz langweilt, wird veröffentlicht.
70%
1. Januar In Washington DC wird der Gründer und langjährige Direktor des FBI, J. Edgar {Hoover}, geboren.
68%
17. April Nach dem Ende des Ersten Japanisch-Chinesischen Krieges tritt China die Insel {Taiwan} an Japan ab.
68%
29. Mai Der bahnbrechende Science-Fiction-Roman "Die Zeitmaschine" des britischen Autors H. G. {Wells} wird veröffentlicht.
63%
7. Dezember Bei einem der bedeutendsten Siege eines afrikanischen Heeres gegen eine europäische Kolonialmacht schlägt die Armee des Kaiserreichs {Äthiopien} die Italiener in der Schlacht um den Amba Alagi.
61%
4. Oktober In Newport (Rhode Island) werden erstmals die US Open, das älteste der amerikanischen Major-Turniere im {Golf}, ausgetragen.
57%
6. Mai Das Orchesterwerk "Till Eulenspiegels lustige Streiche" des Komponisten Richard {Strauss} wird in Köln uraufgeführt.
55%
3. Juni In Calais wird die Plastik "Die Bürger von Calais" des französischen Bildhauers Auguste {Rodin} eingeweiht.
38%
28. Dezember In Paris führen die Brüder {Lumière} ihren ersten Film vor, in dem Arbeiter zu sehen sind, die ein Werk verlassen.
32%
30. April In Venedig wird die erste {Biennale} eröffnet, eine seither alle zwei Jahre stattfindende internationale Kunstausstellung.
30%
Keine übereinstimmenden Quizze gefunden
Verteilung der Resultate
Anzahl Personen mit jedem Resultat
Perzentil nach korrekt beantworteten Fragen
Ihre Resultats-Entwicklung
Sie haben dieses Quiz noch nicht gespielt